<?xml version="1.0" encoding="UTF-8"?><?xml-stylesheet type="text/xsl" href="static/style.xsl"?><OAI-PMH xmlns="http://www.openarchives.org/OAI/2.0/" xmlns:xsi="http://www.w3.org/2001/XMLSchema-instance" xsi:schemaLocation="http://www.openarchives.org/OAI/2.0/ http://www.openarchives.org/OAI/2.0/OAI-PMH.xsd"><responseDate>2026-06-01T20:03:08Z</responseDate><request verb="GetRecord" identifier="oai:riuma.uma.es:10630/10503" metadataPrefix="marc">https://riuma.uma.es/rest/oai/request</request><GetRecord><record><header><identifier>oai:riuma.uma.es:10630/10503</identifier><datestamp>2026-02-03T12:03:17Z</datestamp><setSpec>com_10630_2254</setSpec><setSpec>col_10630_37959</setSpec></header><metadata><record xmlns="http://www.loc.gov/MARC21/slim" xmlns:dcterms="http://purl.org/dc/terms/" xmlns:doc="http://www.lyncode.com/xoai" xmlns:xsi="http://www.w3.org/2001/XMLSchema-instance" xsi:schemaLocation="http://www.loc.gov/MARC21/slim http://www.loc.gov/standards/marcxml/schema/MARC21slim.xsd">
   <leader>00925njm 22002777a 4500</leader>
   <datafield ind2=" " ind1=" " tag="042">
      <subfield code="a">dc</subfield>
   </datafield>
   <datafield ind2=" " ind1=" " tag="720">
      <subfield code="a">Iglesias-Sánchez, Patricia Pilar</subfield>
      <subfield code="e">author</subfield>
   </datafield>
   <datafield ind2=" " ind1=" " tag="720">
      <subfield code="a">Jambrino-Maldonado, Carmen</subfield>
      <subfield code="e">author</subfield>
   </datafield>
   <datafield ind2=" " ind1=" " tag="720">
      <subfield code="a">De-las-Heras-Pedrosa, Carlos</subfield>
      <subfield code="e">author</subfield>
   </datafield>
   <datafield ind2=" " ind1=" " tag="260">
      <subfield code="c">2015-10-13</subfield>
   </datafield>
   <datafield ind2=" " ind1=" " tag="520">
      <subfield code="a">Este trabajo analiza la incorporación del consumidor en el desarrollo de nuevos productos (NPD) como estrategia de diferenciación. La Innovación Abierta está ganando muchos defensores tanto en el ámbito científico como empresarial. Esta investigación se centra en las redes sociales como herramienta efectiva para aplicar esta fórmula. La industria nacional de los snacks sirve para identificar estructuras de comportamiento, percepciones sobre la innovación colaborativa y efectos sobre la competitividad. Un análisis clúster detecta dos grupos diferenciados. Mientras uno se muestra más receptivo y reconoce el potencial de las redes sociales para la creación de valor con el consumidor; el otro, aunque Orientado al Mercado, recurre a las redes sociales con fines distintos. El principal resultado constata que las redes sociales no solo son una herramienta de comunicación y de conocimiento del consumidor sino un soporte para aumentar los niveles de innovación. Por último, el estudio propone un modelo de colaboración con el consumidor para el desarrollo de nuevos productos.</subfield>
   </datafield>
   <datafield ind1="8" ind2=" " tag="024">
      <subfield code="a">http://hdl.handle.net/10630/10503</subfield>
   </datafield>
   <datafield ind1="8" ind2=" " tag="024">
      <subfield code="a">http://orcid.org/0000-0002-5591-2248</subfield>
   </datafield>
   <datafield tag="653" ind2=" " ind1=" ">
      <subfield code="a">Nuevos productos</subfield>
   </datafield>
   <datafield tag="653" ind2=" " ind1=" ">
      <subfield code="a">Redes sociales en Internet</subfield>
   </datafield>
   <datafield ind2="0" ind1="0" tag="245">
      <subfield code="a">Las redes sociales, una oportunidad para implementar la innovación abierta en el desarrollo de nuevos productos.</subfield>
   </datafield>
</record>
</metadata></record></GetRecord></OAI-PMH>